Portugal and the “PIIGS”: Economic Growth and Public Debt in the Last Four Decades, 1974-2014

Gespeichert in:
Bibliographische Detailangaben
1. Verfasser: Ferraz, Ricardo
Weitere Verfasser: Duarte, António Portugal
Format: Buchkapitel
Sprache:Englisch
Tags: Tag hinzufügen
Keine Tags, Fügen Sie das erste Tag hinzu!

MARC

LEADER 00000naa$a2200000$$$4500
001 0308406
005 20250502111244.5
041 0 |a eng 
044 |a FR 
245 1 0 |a Portugal and the “PIIGS”: Economic Growth and Public Debt in the Last Four Decades, 1974-2014  |c Ricardo Ferraz, António Portugal Duarte 
100 1 |a Ferraz, Ricardo 
700 1 |a Duarte, António Portugal